| 000 | 00867cam a2200205 i 4500 | ||
|---|---|---|---|
| 020 | _a0309024919 : | ||
| 082 | 0 | 0 |
_a388.044 _bNAT _cD |
| 110 | 2 |
_aNational Research Council (U.S.). _920017 |
|
| 245 | 1 | 0 |
_aTransportation characteristics of truck, rail, and water freight : _b5 reports prepared for the 54th annual meeting of the Transportation Research Board. |
| 260 |
_aWashington : _bTRB, National Research Council, _c1976. |
||
| 300 |
_a44 p. : _bill. ; _c25 cm. |
||
| 526 |
_a0 _b0 _c0 _d388_044000000000000_NAT |
||
| 650 | 0 |
_aInland water transportation _xCongresses. _938473 |
|
| 650 | 0 |
_aInland water transportation _xFreight _zUnited States. _938474 |
|
| 650 | 0 |
_aMCE _9379 |
|
| 650 | 0 |
_aRailroads _xFreight _xCongresses. _938475 |
|
| 650 | 0 |
_aTransportation _zUnited States _xPlanning _xCongresses. _938310 |
|
| 650 | 0 |
_aTrucking _xCongresses. _938476 |
|
| 942 |
_2ddc _cBK |
||
| 999 |
_c543101 _d543101 |
||